| 000 | 00703nam a22002057a 4500 | ||
|---|---|---|---|
| 005 | 20100811104746.0 | ||
| 010 | _aENG-99190 | ||
| 020 |
_a8123412096 _c40.00 |
||
| 035 | _aEN-82722 | ||
| 037 | _bDBAD/PUB | ||
| 082 | _a808.88 | ||
| 100 |
_aJaykumar, A. _910580 |
||
| 245 |
_aQuotations for success / _bby A .Jaykumar |
||
| 260 |
_aChennai _bNew Century Book House _c2007 |
||
| 270 |
_a41-B,Sidco Industrial Estate,Ambattur _bChennai _e14 |
||
| 300 |
_aiii,76p. _b21cm (pbk) |
||
| 650 |
_aQuotations _910581 |
||
| 942 |
_2ddc _cEN _h808.88 _mJAY |
||
| 999 |
_c40835 _d40835 |
||